Diccionario de Reforma Agraria (Latinoamerica)

Guardado en:
Bibliografiske detaljer
Hovedforfatter: Santos de Morais, Clodomir
Format: Texto
Udgivet: San José: EDUCA
Tags: Tilføj Tag
Ingen Tags, Vær først til at tagge denne postø!

MARC

LEADER 00000 a a2200000 04500
001 24819
003
040
090 |a 175500   |b REFERENCIA  
100 |a Santos de Morais, Clodomir  
245 |a Diccionario de Reforma Agraria (Latinoamerica)  
260 |a San José:   |b EDUCA  
300 |a 533 p.  
999 |c 17575  |d 17575